Countries more free than the United States - Statistics

General Stats
  • This quiz has been taken 21 times
    4 since last reset
  • The average score is 56 of 65
Answer Stats
Index Country % Correct
93 Andorra
100%
85 Argentina
100%
94 Australia
100%
90 Bahamas
100%
94 Barbados
100%
95 Belgium
100%
97 Canada
100%
95 Chile
100%
82 Croatia
100%
90 Cyprus
100%
95 Czechia
100%
97 Denmark
100%
96 Estonia
100%
100 Finland
100%
89 France
100%
95 Germany
100%
85 Greece
100%
95 Iceland
100%
98 Ireland
100%
87 Italy
100%
96 Japan
100%
89 Latvia
100%
90 Liechtenstein
100%
90 Lithuania
100%
97 Luxembourg
100%
88 Malta
100%
82 Monaco
100%
97 Netherlands
100%
99 New Zealand
100%
99 Norway
100%
82 Poland
100%
96 Portugal
100%
83 Romania
100%
97 San Marino
100%
88 Slovakia
100%
97 Slovenia
100%
83 South Korea
100%
91 Spain
100%
99 Sweden
100%
96 Switzerland
100%
93 Taiwan
100%
92 United Kingdom
100%
97 Uruguay
100%
82 Vanuatu
100%
83 Antigua and Barbuda
67%
94 Austria
67%
91 Costa Rica
67%
92 F. S. Micronesia
67%
89 Grenada
67%
89 Kiribati
67%
93 Marshall Islands
67%
92 Palau
67%
89 Saint Kitts and Nevis
67%
91 Saint Lucia
67%
90 Saint Vincent and the Grenadines
67%
84 Samoa
67%
84 São Tomé and Príncipe
67%
83 Trinidad and Tobago
67%
93 Tuvalu
67%
87 Belize
33%
92 Cape Verde
33%
87 Mauritius
33%
84 Mongolia
33%
82 Panama
33%
92 Dominica
0%
No matching quizzes found
Score Distribution
Percent of People with Each Score
Percentile by Number Answered
Your Score History
You have not taken this quiz since the last reset